[Event "Challenge"]
[Site "http://www.queenalice.com/game.php?id=55922"]
[Date "2006.3.5"]
[Round "-"]
[White "dikaiopolis"]
[Black "Andre"]
[Result "0-1"]
[WhiteElo "1399"]
[BlackElo "1491"]

1. Nf3 Nc6 2. e4 a6 3. Nc3 e5 4. d4 exd4 5. Nxd4 Nxd4 6. Qxd4 c5 7. Qe5+ Be7 8.
Qxc5 Bxc5 9. h4 d6 10. Bf4 Nf6 11. Na4 b5 12. Bg5 bxa4 13. c4 h6 14. Bf4 Qa5+
15. Kd1 Nxe4 16. Bd3 Qd2+ 17. Bxd2 Nxf2+ 18. Ke1 Nxh1 19. Bf4 Nf2 20. Kf1 Nxd3
21. Rd1 Nxf4 22. Re1+ Ne6 23. Re4 f5 24. Re2 O-O 25. Rd2 Nd4 26. Rf2 f4 27. Rd2
f3 28. g3 Bh3+ 29. Kg1 Ne2+ 30. Kh1 f2 31. Kh2 f1=Q 32. Rd1 Qg2# 0-1

[Event "Challenge"]
[Site "http://www.queenalice.com/game.php?id=61820"]
[Date "2006.4.7"]
[Round "-"]
[White "dikaiopolis"]
[Black "Andre"]
[Result "0-1"]
[WhiteElo "1387"]
[BlackElo "1496"]

1. Nf3 Nc6 2. e4 e5 3. Nc3 Bb4 4. Bc4 a6 5. h4 b5 6. Bd5 Bxc3 7. dxc3 Bb7 8. Qd2
Nf6 9. Qd3 O-O 10. b3 Rb8 11. g4 h6 12. g5 Nh5 13. gxh6 gxh6 14. Bxh6 Nf4 15.
Bxf4 exf4 16. e5 Ne7 17. Rg1+ Ng6 18. Bxf7+ Kxf7 19. Qxg6+ Ke7 20. Qg7+ Rf7 21.
Qg6 Bxf3 22. Rg5 Rb6 23. Qd3 Bc6 24. Qc4 bxc4 25. Rd1 cxb3 26. Rg6 bxc2 27. Rc1
Rb1 28. Rxb1 cxb1=Q+ 29. Ke2 Qxg6 30. f3 d5 31. a4 Bxa4 32. e6 Qxe6+ 33. Kd2 d4
34. cxd4 Qxd4+ 35. Kc1 Qe2 36. h5 Qdd1# 0-1

[Event "Challenge"]
[Site "http://www.queenalice.com/game.php?id=63748"]
[Date "2006.4.17"]
[Round "-"]
[White "Andre"]
[Black "dikaiopolis"]
[Result "1-0"]
[WhiteElo "1508"]
[BlackElo "1375"]

1. e4 Nf6 2. Nc3 Nc6 3. Bb5 e5 4. Nf3 Qe7 5. a3 Qc5 6. b4 Qc4 7. Bxc4 d6 8. h3
Be6 9. Bxe6 fxe6 10. Ng5 h6 11. Nxe6 Be7 12. Nxc7+ Kd8 13. Nxa8 b5 14. g4 a6 15.
Nb6 g5 16. a4 Nxb4 17. axb5 d5 18. exd5 Bc5 19. bxa6 Rf8 20. d3 Nd7 21. Ne4
Bxf2+ 22. Nxf2 Nxb6 23. Ra5 Nd7 24. a7 Nb6 25. Rb5 Na8 26. Ba3 Rf6 27. Rb8+ Kc7
28. Rxa8 Kb7 29. Rb8+ Kxa7 30. Rxb4 Ra6 31. Bb2 Ra2 32. Qb1 Ra5 33. c4 Rc5 34.
Qa1+ Ra5 35. Qxa5# 1-0

[Event "Challenge"]
[Site "http://www.queenalice.com/game.php?id=64719"]
[Date "2006.4.21"]
[Round "-"]
[White "dikaiopolis"]
[Black "Andre"]
[Result "0-1"]
[WhiteElo "1364"]
[BlackElo "1512"]

1. Nf3 Nc6 2. e4 a6 3. Nc3 e5 4. g3 d6 5. Bc4 Be6 6. Bd3 Nf6 7. g4 Bxg4 8. b4 b5
9. h4 Nd4 10. Rg1 Nxf3+ 11. Kf1 Nh2+ 12. Kg2 Bxd1 13. Rxd1 Nhg4 14. Ne2 h6 15.
Rf1 Nd7 16. Bb2 Qxh4 17. Nc3 Qh2+ 18. Kf3 Qh3+ 19. Ke2 Nh2 20. Rh1 Qf3+ 21. Ke1
Qxh1+ 22. Ke2 Qf3+ 23. Ke1 Nf6 24. a3 Nfg4 25. Nd5 Qxf2+ 26. Kd1 O-O-O 27. a4
Qg1+ 28. Ke2 Qf2+ 29. Kd1 Nf3 30. c3 Qxd2# 0-1

[Event "Challenge"]
[Site "http://www.queenalice.com/game.php?id=64980"]
[Date "2006.4.22"]
[Round "-"]
[White "Cyrilou"]
[Black "dikaiopolis"]
[Result "1-0"]
[WhiteElo "1318"]
[BlackElo "1354"]

1. e3 Nc6 2. Bc4 Nh6 3. Qf3 b6 4. d3 e6 5. b3 Bb4+ 6. c3 Ba5 7. Qg3 Ne5 8. Qxg7
Rf8 9. Qxh6 Bb7 10. Ba3 Rg8 11. Qxh7 Nxd3+ 12. Bxd3 Qg5 13. f4 Qg4 14. h3 Qg3+
15. Kf1 Qxg2+ 16. Ke1 Rg3 17. Qh8+ Rg8 18. Qf6 Qxh1 19. Qe7# 1-0

[Event "Challenge"]
[Site "http://www.queenalice.com/game.php?id=66317"]
[Date "2006.5.1"]
[Round "-"]
[White "dikaiopolis"]
[Black "Andre"]
[Result "0-1"]
[WhiteElo "1337"]
[BlackElo "1495"]

1. Nc3 e5 2. e4 Bb4 3. Nf3 d6 4. Bb5+ c6 5. a3 Bxc3 6. Bc4 Be6 7. Qe2 b5 8. Bxe6
fxe6 9. bxc3 g5 10. d3 g4 11. Ng1 Nf6 12. Bg5 h5 13. h3 Rg8 14. h4 Nbd7 15. f3
Nc5 16. fxg4 hxg4 17. Qf2 Rf8 18. d4 Ncxe4 19. Qe3 exd4 20. Qxd4 e5 21. Qe3 Qb6
22. Qf3 gxf3 23. Nxf3 Qf2+ 24. Kd1 Qxg2 25. Re1 Qxf3+ 26. Re2 Nxc3+ 27. Ke1
Qxe2# 0-1

[Event "Challenge"]
[Site "http://www.queenalice.com/game.php?id=68009"]
[Date "2006.5.9"]
[Round "-"]
[White "Andre"]
[Black "dikaiopolis"]
[Result "1-0"]
[WhiteElo "1534"]
[BlackElo "1327"]

1. g4 d5 2. h3 Nf6 3. d4 Nc6 4. Nf3 Qd6 5. Bg5 b6 6. e3 Ba6 7. Bxa6 Nb4 8. Bb5+
c6 9. Bf4 Qd7 10. Ne5 Qe6 11. a3 cxb5 12. axb4 Qc6 13. Nxc6 Rc8 14. Nxa7 Ra8 15.
Qd3 e6 16. Qxb5+ Kd8 17. Qxb6+ Ke8 18. Qc6+ Nd7 19. Qxa8+ Ke7 20. Nc6+ Kf6 21.
Qd8+ Kg6 22. Qxd7 Bxb4+ 23. Nxb4 Rb8 24. c3 Kf6 25. Be5+ Kg6 26. Nc6 Rxb2 27.
Ne7+ Kh6 28. Ng8+ Kg6 29. f3 f6 30. Ne7+ Kf7 31. Bf4 g5 32. Nc6+ Kg6 33. Bg3 h6
34. Qxe6 h5 35. Ne7+ Kg7 36. Nf5+ Kg6 37. Qg8# 1-0

[Event "Challenge"]
[Site "http://www.queenalice.com/game.php?id=81863"]
[Date "2006.7.2"]
[Round "-"]
[White "dikaiopolis"]
[Black "Andre"]
[Result "0-1"]
[WhiteElo "1319"]
[BlackElo "1452"]

1. Nf3 Nc6 2. e4 a6 3. Nc3 Nf6 4. d4 e6 5. e5 Nd5 6. Bg5 f6 7. Bh4 g5 8. Bg3 Bb4
9. a3 Bxc3+ 10. bxc3 Nxc3 11. Qd3 g4 12. Nh4 Nd5 13. Qe2 f5 14. Qc4 b5 15. Qc5
Qe7 16. Qxe7+ Ndxe7 17. Bf4 Nxd4 18. Bg5 Nxc2+ 19. Kd1 Nxa1 20. a4 bxa4 21. Bc4
Nb3 22. f3 gxf3 23. gxf3 Nd4 24. f4 d5 25. Ba2 Nb3 26. Re1 Rb8 27. Re3 d4 28.
Rd3 Rb4 29. Bf6 Rg8 30. Rg3 Rg4 31. Bb1 a3 32. Be4 a2 33. Nf3 a1=Q+ 34. Ke2 Nc1+
35. Kd2 Rb3 36. Kc2 Qa2+ 37. Kd1 Ne2 38. Nd2 Nxg3 39. Bc6+ Nxc6 40. h3 Rxf4 41.
Bg5 Rf2 42. Ke1 Rh2 43. h4 Re2+ 44. Kd1 Rb2 45. Nc4 Qa1+ 46. Bc1 Rb1 47. Nd2
Rxc1# 0-1

[Event "Challenge"]
[Site "http://www.queenalice.com/game.php?id=86496"]
[Date "2006.7.16"]
[Round "-"]
[White "hugo10"]
[Black "dikaiopolis"]
[Result "1-0"]
[WhiteElo "1170"]
[BlackElo "1330"]

1. d4 Nc6 2. d5 Nb4 3. c3 Na6 4. e4 Nf6 5. Bd3 e5 6. Nf3 Bc5 7. Nxe5 Nh5 8. b4
Bb6 9. Bb2 Qf6 10. Qxh5 g6 11. Qf3 Qg5 12. Nd2 Qxe5 13. Bc4 Qg5 14. d6 cxd6 15.
Bc1 Qe5 16. Bxf7+ Ke7 17. Nc4 Qb5 18. Na3 Qa4 19. Bb2 h6 20. c4 Nxb4 21. Rd1
Nxa2 22. Bxh8 h5 23. Qd3 Kxf7 24. Qxd6 Kg8 25. Ba1 Ba5+ 26. Ke2 b6 27. Qxg6+ Kf8
28. Qg7+ Ke8 29. Qg6+ Kd8 30. Nb5 Qxc4+ 31. Kf3 Qxb5 32. Rd2 Qb3+ 33. Kf4 Bxd2+
34. Kf5 Qe6+ 35. Qxe6 dxe6+ 36. Kf6 Rb8 37. Rd1 Ke8 38. Rxd2 Rb7 39. f4 Rf7+ 40.
Ke5 Bb7 41. Kxe6 Re7+ 42. Kf6 Rf7+ 43. Kg5 Bxe4 44. Kxh5 Rh7+ 45. Kg5 Nc1 46. f5
Rf7 47. f6 Nb3 48. Re2 Nxa1 49. Rxe4+ Kf8 50. Ra4 Nc2 51. h4 Ne3 52. g3 Nd5 53.
h5 Nxf6 54. h6 Rh7 55. Rf4 Kg8 56. Rxf6 Rf7 57. Rg6+ Kf8 58. Rc6 Rf3 59. h7 Kg7
60. Kg4 Rd3 61. Rc7+ Kh8 62. Rxa7 Rd4+ 63. Kh3 b5 64. Rb7 Rd3 65. Kh4 Rd5 66. g4
Rd4 67. Kh5 b4 68. g5 b3 69. Kh6 b2 70. Rxb2 Rd6+ 71. g6 Rd7 72. Rb8+ Rd8 73.
Rxd8# 1-0

[Event "Challenge"]
[Site "http://www.queenalice.com/game.php?id=97411"]
[Date "2006.8.19"]
[Round "-"]
[White "dikaiopolis"]
[Black "Andre"]
[Result "1-0"]
[WhiteElo "1308"]
[BlackElo "1460"]

1. Nf3 Nc6 2. Nc3 e5 3. e4 a6 4. d4 exd4 5. Nxd4 Nxd4 6. Qxd4 c5 7. Qe5+ Qe7 8.
Bf4 d6 9. Qg5 f6 10. Qh4 g5 11. Qh5+ Qf7 12. Be2 gxf4 13. Qh4 Bd7 14. Qxf4 Bh6
15. Qh4 b5 16. Qg3 b4 17. Nd1 O-O-O 18. Qxd6 Qe7 19. Bxa6# 1-0

[Event "Challenge"]
[Site "http://www.queenalice.com/game.php?id=99788"]
[Date "2006.8.26"]
[Round "-"]
[White "Andre"]
[Black "dikaiopolis"]
[Result "1-0"]
[WhiteElo "1475"]
[BlackElo "1308"]

1. e4 Nc6 2. Bb5 e5 3. Bxc6 dxc6 4. h3 Qh4 5. Nf3 Qf4 6. a3 Be7 7. d3 Qf6 8. Bg5
Qg6 9. h4 b6 10. h5 Qd6 11. c4 f6 12. Bh4 Nh6 13. d4 g5 14. hxg6 hxg6 15. dxe5
fxe5 16. Nc3 Ba6 17. Bg5 Bxc4 18. Bxh6 Qf6 19. b3 Be6 20. Ng5 Bg8 21. Qd2 Bxb3
22. Rb1 Bc4 23. f3 Bxa3 24. Kf2 b5 25. Ne2 Rd8 26. Qa5 Be7 27. Qxc7 Qf4 28. Nxf4
exf4 29. Qxc6+ Rd7 30. Qxg6+ Kd8 31. Nf7+ Kc7 32. Bxf4+ Kc8 33. Rxh8+ Kb7 34.
Nd6+ Rxd6 35. Bxd6 Bxd6 36. Qxd6 a6 37. Rh7+ Bf7 38. Rxf7+ Ka8 39. Qd8# 1-0

[Event "Challenge"]
[Site "http://www.queenalice.com/game.php?id=104463"]
[Date "2006.9.10"]
[Round "-"]
[White "Feu"]
[Black "dikaiopolis"]
[Result "1-0"]
[WhiteElo "1386"]
[BlackElo "1291"]

1. e4 e5 2. Nf3 Nc6 3. c3 g6 4. d4 f6 5. d5 Na5 6. Nbd2 d6 7. Qa4+ Bd7 8. Qxa5
b6 9. Qb4 Bh6 10. Be2 a5 11. Qb3 a4 12. Qc2 f5 13. Bd3 g5 14. h3 g4 15. hxg4
fxg4 16. Nh4 Nf6 17. Nf5 Bg5 18. Nc4 Bf4 19. Bxf4 exf4 20. O-O-O f3 21. gxf3
gxf3 22. Rdg1 Qe7 23. Nxe7 Kxe7 24. Qd1 h5 25. Qxf3 Ne8 26. Rxh5 Rg8 27. Rxg8
Bb5 28. Rh7+ Kd8 29. Qf7 Kc8 30. Rxe8+ Kb7 31. Qxc7+ Ka6 32. Rxa8# 1-0

[Event "Challenge"]
[Site "http://www.queenalice.com/game.php?id=107426"]
[Date "2006.9.18"]
[Round "-"]
[White "dikaiopolis"]
[Black "Andre"]
[Result "0-1"]
[WhiteElo "1299"]
[BlackElo "1507"]

1. Nc3 Nf6 2. Nf3 Nc6 3. e4 e5 4. d4 Nxd4 5. Nxd4 exd4 6. Qxd4 c5 7. Qc4 a6 8.
Qxc5 Bxc5 9. Na4 Nxe4 10. f3 b5 11. b4 Bxb4+ 12. Ke2 Nc3+ 13. Ke1 Qe7+ 14. Kf2
Nxa4 15. Rb1 Nc3 16. Rb3 Nxa2 17. Bb2 Qc5+ 18. Kg3 Qg5+ 19. Kh3 d5+ 20. g4 f5
21. gxf5 Bxf5# 0-1

[Event "Challenge"]
[Site "http://www.queenalice.com/game.php?id=112683"]
[Date "2006.10.3"]
[Round "-"]
[White "dikaiopolis"]
[Black "Andre"]
[Result "0-1"]
[WhiteElo "1291"]
[BlackElo "1525"]

1. e4 e5 2. Nc3 Bb4 3. Nd5 c5 4. c3 Ba5 5. c4 d6 6. Nf3 Bg4 7. b3 Bxf3 8. gxf3
Nf6 9. Nc3 Bxc3 10. dxc3 h6 11. b4 cxb4 12. cxb4 Nc6 13. Qd2 a5 14. bxa5 Nxa5
15. Bh3 Nxc4 16. Qd3 Qa5+ 17. Kd1 b5 18. Qd5 Nxd5 19. Rg1 Nc3+ 20. Ke1 Na4+ 21.
Ke2 Qc3 22. Rb1 Na3 23. Rb3 Qc4+ 24. Rd3 Nc3+ 25. Ke3 Nc2+ 26. Kd2 Nb1+ 27. Kd1
Qxd3+ 28. Bd2 Qxd2# 0-1

[Event "Challenge"]
[Site "http://www.queenalice.com/game.php?id=119964"]
[Date "2006.10.22"]
[Round "-"]
[White "Feu"]
[Black "dikaiopolis"]
[Result "1-0"]
[WhiteElo "1556"]
[BlackElo "1267"]

1. e4 e5 2. Nf3 Nc6 3. c3 Nf6 4. d3 Bc5 5. h3 Na5 6. b4 Nc6 7. bxc5 b6 8. cxb6
axb6 9. Nbd2 Ba6 10. Be2 Nh5 11. d4 b5 12. O-O Ne7 13. Nxe5 d6 14. Nd3 f5 15.
Bxh5+ g6 16. Be2 c6 17. exf5 gxf5 18. Re1 Qa5 19. Bh5+ Kf8 20. Qb3 d5 21. Nc5
Bc8 22. Qd1 f4 23. Ndb3 Qa7 24. Bxf4 Qd7 25. Nxd7+ Kg8 26. Rxe7 Ra3 27. Qg4# 1-0

[Event "Challenge"]
[Site "http://www.queenalice.com/game.php?id=122445"]
[Date "2006.10.27"]
[Round "-"]
[White "dikaiopolis"]
[Black "Andre"]
[Result "0-1"]
[WhiteElo "1267"]
[BlackElo "1554"]

1. d4 d5 2. Nc3 e6 3. Nf3 Bb4 4. Bd2 Bxc3 5. Bxc3 Nc6 6. e3 Nf6 7. Bb5 O-O 8.
Bxc6 bxc6 9. Nh4 g5 10. Nf3 Nd7 11. h4 g4 12. Ng5 h6 13. Nh7 Kxh7 14. Qd3+ f5
15. f3 gxf3 16. gxf3 Nf6 17. Qf1 Nh5 18. Bb4 Rf7 19. Qg2 Rg7 20. Qh2 a5 21. Bc3
Ng3 22. Rg1 Nh5 23. Rxg7+ Nxg7 24. b4 a4 25. Rd1 Qd6 26. f4 Ba6 27. Rd2 Rg8 28.
Rg2 Nh5 29. Rxg8 Kxg8 30. Qg2+ Ng7 31. Qg6 Bc4 32. a3 h5 33. Bd2 e5 34. Qg3 exd4
35. exd4 Qe6+ 36. Be3 Qe4 37. c3 Qb1+ 38. Kf2 Qb2+ 39. Ke1 Qxc3+ 40. Kd1 Qxa3
41. Qg6 Qxe3 42. Qxc6 Be2+ 43. Ke1 a3 44. Qa6 Bxa6+ 45. Kd1 Qe2+ 46. Kc1 Qb2+
47. Kd1 a2 48. Ke1 a1=R# 0-1

[Event "Challenge"]
[Site "http://www.queenalice.com/game.php?id=125715"]
[Date "2006.11.5"]
[Round "-"]
[White "dikaiopolis"]
[Black "sanabas"]
[Result "0-1"]
[WhiteElo "1277"]
[BlackElo "1439"]

1. e4 e5 2. Nf3 Nf6 3. Nc3 Bb4 4. g3 Bxc3 5. dxc3 Nxe4 6. Qd3 d5 7. Qb5+ c6 8.
Qc5 Nxc5 9. Nxe5 Bf5 10. Kd1 d4 11. cxd4 Qxd4+ 12. Ke1 Qxe5+ 0-1

[Event "Challenge"]
[Site "http://www.queenalice.com/game.php?id=133410"]
[Date "2006.11.25"]
[Round "-"]
[White "dikaiopolis"]
[Black "rafaelbdb"]
[Result "0-1"]
[WhiteElo "1254"]
[BlackElo "1411"]

1. Nf3 Nc6 2. e4 e5 3. Nc3 Nf6 4. d3 Bb4 5. Bg5 O-O 6. Bxf6 Qxf6 7. a3 Bxc3+ 8.
bxc3 d6 9. d4 Bg4 10. dxe5 Nxe5 11. Nxe5 Qxe5 12. Qxg4 Qxc3+ 13. Kd1 Qxa1+ 14.
Kd2 Rfe8 15. Qf4 Qd4+ 16. Bd3 d5 17. f3 Rad8 18. c3 Qf2+ 19. Kc1 Qxg2 20. Re1
dxe4 21. fxe4 Rxd3 22. Re3 Qd2+ 23. Kb1 Rxe3 24. Qxe3 Qxe3 25. a4 Qxc3 26. a5
Rxe4 27. h4 Re2 28. h5 Qe1# 0-1

[Event "Challenge"]
[Site "http://www.queenalice.com/game.php?id=146655"]
[Date "2006.12.26"]
[Round "-"]
[White "Andre"]
[Black "dikaiopolis"]
[Result "1-0"]
[WhiteElo "1467"]
[BlackElo "1262"]

1. e4 Nf6 2. Nc3 Nc6 3. Nf3 d6 4. h3 b5 5. Bxb5 Bb7 6. d3 e6 7. Bxc6+ Bxc6 8.
Bg5 d5 9. Bxf6 gxf6 10. O-O Bb4 11. Ne2 d4 12. a3 Bd6 13. Nfxd4 Qd7 14. b4 a5
15. Nxc6 Qxc6 16. g3 axb4 17. Nd4 Qc5 18. Nb3 Qe5 19. axb4 Qc3 20. Rxa8+ Ke7 21.
Rxh8 Qxb4 22. Rxh7 Be5 23. Rh5 c5 24. f4 Bb2 25. Rxc5 Qa3 26. h4 Qa8 27. Ra5 Qg8
28. Qf3 e5 29. f5 Qc8 30. Rc5 Qa8 31. Rc7+ Kd8 32. Rxf7 Qa4 33. Rxf6 Qd4+ 34.
Nxd4 Bxd4+ 35. Kg2 Bc3 36. Qh5 Bd2 37. Rf7 Be3 38. Qh8# 1-0

[Event "Challenge"]
[Site "http://www.queenalice.com/game.php?id=168318"]
[Date "2007.2.14"]
[Round "-"]
[White "Frankone"]
[Black "dikaiopolis"]
[Result "1-0"]
[WhiteElo "1317"]
[BlackElo "1230"]

1. e4 e5 2. Nf3 Nc6 3. Bb5 a6 4. Bc4 b5 5. Bd5 Bb7 6. d3 g6 7. Ng5 f6 8. Nf7 Qe7
9. Nxh8 f5 10. Bf7+ Kd8 11. Bxg8 Qg7 12. Bg5+ Be7 13. Nf7+ Ke8 14. Nh6 Bxg5 15.
Bf7+ Kf8 16. Qf3 Qxh6 17. Bd5 Qh4 18. exf5 Ne7 19. Bxb7 Rb8 20. Be4 Nxf5 21. Qe2
c5 22. Bd5 Ne7 23. Qxe5 Nf5 24. Qxb8+ Ke7 25. Qe5+ 1-0

[Event "Challenge"]
[Site "http://www.queenalice.com/game.php?id=168319"]
[Date "2007.2.14"]
[Round "-"]
[White "dikaiopolis"]
[Black "Frankone"]
[Result "0-1"]
[WhiteElo "1244"]
[BlackElo "1303"]

1. Nc3 e5 2. Nf3 f6 3. d4 Bd6 4. b3 c5 5. Ba3 b6 6. Nb5 Qe7 7. b4 cxb4 8. Bb2
Ba6 9. Nxd6+ Qxd6 10. a3 Nc6 11. axb4 Qxb4+ 12. c3 Qxb2 13. Ra4 Nb8 14. e4 Qxc3+
15. Nd2 Bb7 16. g4 exd4 17. Bb5 Nh6 18. f3 Qe3+ 19. Qe2 Qf4 20. Rc4 O-O 21. Rc7
Qxc7 22. Nb3 Qc3+ 23. Kd1 Qxb3+ 24. Kd2 Qb2+ 0-1

[Event "Challenge"]
[Site "http://www.queenalice.com/game.php?id=169292"]
[Date "2007.2.15"]
[Round "-"]
[White "dikaiopolis"]
[Black "Andre"]
[Result "0-1"]
[WhiteElo "1217"]
[BlackElo "1469"]

1. Nf3 d5 2. Nc3 Nf6 3. d4 h6 4. g3 a6 5. Bf4 Bg4 6. Ne5 g5 7. Bd2 Be6 8. e3 Nc6
9. Qf3 Nb4 10. Kd1 g4 11. Qg2 Qd6 12. f4 gxf3 13. Qxf3 b6 14. a3 Nc6 15. h3 b5
16. a4 b4 17. Na2 Nxe5 18. dxe5 Qxe5 19. Bxb4 Qxb2 20. h4 Qxa1+ 21. Nc1 Qxa4 22.
Bc3 Qg4 23. Qe2 Qxg3 24. Rh3 Bxh3 0-1